Plantas no vasculares /
Guardado en:
| Autor Principal: | |
|---|---|
| Otros Autores: | , , , , |
| Formato: | Libro |
| Publicado: |
Barcelona :
Omega,
1991
|
| Materias: | |
| Etiquetas: |
Agregar Etiqueta
Sin Etiquetas, Sea el primero en etiquetar este registro!
|
| LEADER | 00933nam a22002415a 4500 | ||
|---|---|---|---|
| 001 | CEM.cems017530 | ||
| 005 | 20110509092639.0 | ||
| 008 | 130507s1991##################000#0#####d | ||
| 003 | CEMS | ||
| 020 | |a 8428208182 | ||
| 082 | 0 | 4 | |a 588 |
| 100 | 1 | |a Scagel, R. F. | |
| 245 | 1 | 0 | |a Plantas no vasculares / |c R. F. Scagel ... [et Al.] |
| 260 | |a Barcelona : |b Omega, |c 1991 | ||
| 300 | |a 548 p. | ||
| 505 | 0 | |a Plantas no vasculare -- Procariotas -- Mixomicotes -- Hongos inferiores -- Hongos superiores y líquenes -- División clorófitos -- División crisófitos -- Grupos diversos de algas: prirrófitos, euglenófitos y criptófitos -- Feófitos -- Rodófitos -- Briófitos -- Evolución y filogenia | |
| 653 | |a Plantas no vasculares | ||
| 700 | 1 | |a Bandoni, R. J. | |
| 700 | 1 | |a Maze, J. R. | |
| 700 | 1 | |a Rouse, G. E. | |
| 700 | 1 | |a Schofield, W. B: | |
| 700 | 1 | |a Stein, J. R. | |
| 859 | |a CEMS |b BIB. CEMS - Agricultura |h 588 |i Sc278 |p A1324.11 |t Ej.1 | ||
